| 000 | 00694nam a22002417i 4500 | ||
|---|---|---|---|
| 003 | URS | ||
| 005 | 20220117120557.0 | ||
| 008 | 180504b xxu||||| |||| 00| 0 eng d | ||
| 040 |
_a0 _erda _cURS _beng |
||
| 050 |
_aHB171.5 _b.C28 2000 |
||
| 100 | _aCase, Karl E. | ||
| 245 |
_aPRINCIPLES OF ECONOMICS/ _cKarl E. Case. __ |
||
| 250 | _aFIFTH EDITION. __ | ||
| 264 | 1 |
_aUpper Saddle River, NJ: _b Pearson/Prentice Hall, _c1999. |
|
| 300 |
_a912 PAGES: _bILLUSTRATIONS; _c23 CM. |
||
| 336 |
_atext _btxt _2rdacontent |
||
| 337 |
_aunmediated _bn _2rdamedia |
||
| 338 |
_avolume _bnc _2rdacarrier |
||
| 500 | _aIncludes index. | ||
| 650 | _aEconomics | ||
| 700 | _aFair, Ray C. | ||
| 942 |
_2lcc _cFR |
||
| 999 |
_c4916 _d4916 |
||